| 000 -LEADER |
| fixed length control field |
00503nam a22000977a 4500 |
| 008 - FIXED-LENGTH DATA ELEMENTS--GENERAL INFORMATION |
| fixed length control field |
170213b xxu||||| |||| 00| 0 eng d |
| 100 ## - MAIN ENTRY--AUTHOR'S NAME |
| Author's Name |
Melville, Fred |
| 245 ## - TITLE STATEMENT |
| Title |
Portugal : the Cameo stamps |
| 260 ## - PUBLICATION, DISTRIBUTION, ETC. (IMPRINT) |
| Place of publication, distribution, etc. |
London |
| Name of publisher, distributor, etc. |
Melville Stamp Books, [W.H. Peckitt], |
| Date of publication, distribution, etc. |
1911 |
| 650 ## - TOPICAL TERM (Tag) |
| Topical term or geographic name |
Portugal | 19th Century | Definitive Issues | Embossed Issues | First Issues | Stamps -- Histories | Production | Errors and Varieties | Printing | Designs | Paper | Gum | Color | Imperforate Issues | Perforation | Reissues and Reprints |